| 000 | 00757nam a2200229Ia 4500 | ||
|---|---|---|---|
| 003 | OSt | ||
| 005 | 20220928112644.0 | ||
| 006 | a|||||r|||| 00| 0 | ||
| 007 | ta | ||
| 008 | 220927b |||||||| |||| 00| 0 eng d | ||
| 024 | _a32983 | ||
| 037 | _cTextual | ||
| 040 |
_aSDCL _cSDCL _beng |
||
| 041 |
_2eng _aeng |
||
| 082 | _aX:9F.1'N7, M0 | ||
| 100 | _aInternational Labour Office (Geneva) | ||
| 245 | 0 | _aSelected standards and policy standards of special interest to women workers adopted under the auspices of the International Labour Office | |
| 260 |
_aGeneva _bInternational Labour Office _c1980 |
||
| 300 |
_av,132p _ccm. |
||
| 942 |
_hX:9F.1'N7, M0 _cTEXL _2CC |
||
| 999 |
_c745607 _d745607 |
||